[Event "Alfonso Pedrido op 10th"]
[Site "Villagarcia de Arosa"]
[Date "2002.08.12"]
[Round "9.11"]
[White "Cabrero de Cabo, Miguel Angel"]
[Black "Beltran Ortiz, Edda Georgina"]
[Result "1-0"]
[WhiteElo "2099"]
[BlackElo "2011"]
[PlyCount "155"]
[EventDate "2002.08.04"]
[EventType "swiss"]
[EventRounds "9"]
[EventCountry "ESP"]
[SourceTitle "CBM 089 Extra"]
[Source "ChessBase"]
[SourceDate "2002.09.10"]
[SourceVersion "2"]
[SourceVersionDate "2002.09.10"]
[SourceQuality "1"]

1. e4 c5 2. Nc3 Nc6 3. g3 e6 4. Bg2 g6 5. f4 d6 6. Nf3 Bg7 7. 0-0 Nge7 8. d3 Rb8 9. Be3 b5 10. d4 b4 11. Ne2 c4 12. Bf2 d5 13. e5 a5 14. Qd2 Ba6 15. Rfb1 Qc7 16. g4 h5 17. h3 hxg4 18. hxg4 Kd7 19. Bh4 c3 20. bxc3 Bxe2 21. Qxe2 bxc3 22. Be1 Na7 23. Rb3 Rxb3 24. axb3 Rb8 25. Qa6 Nec6 26. Bxc3 Rb6 27. Qd3 Nb4 28. Bxb4 axb4 29. Bf1 Bf8 30. Ra6 Qb7 31. Rxb6 Qxb6 32. Qa6 Qxa6 33. Bxa6 Bh6 34. g5 Bf8 35. Kf2 Be7 36. Ke3 Kc7 37. Nh2 Kb6 38. Bd3 Kc6 39. Ng4 Kd7 40. Ba6 Ke8 41. Kd3 Bd8 42. c3 bxc3 43. Kxc3 Bb6 44. Nf2 Kd8 45. Nd3 Nc6 46. Nc5 Ba5+ 47. Kd3 Nb4+ 48. Ke2 Nc6 49. Nb7+ Kc7 50. Nxa5 Nxa5 51. Bb5 Nxb3 52. Be8 Nxd4+ 53. Kf2 Kd8 54. Bxf7 Ke7 55. Bxg6 Kf8 56. Ke3 Nc6 57. Bh5 Ne7 58. Bg4 Kf7 59. Kd4 Ng6 60. f5 exf5 61. Bxf5 Ne7 62. e6+ Kg7 63. Ke5 Kf8 64. Bb1 Kg7 65. Bf5 Kf8 66. Bh7 Kg7 67. Bb1 Kf8 68. Ba2 Kg7 69. Bxd5 Kg6 70. Kd6 Ng8 71. Be4+ Kxg5 72. Bh7 Nf6 73. e7 Kh6 74. Ke6 Kg7 75. Bd3 Ne8 76. Bf5 Nc7+ 77. Kd7 Kf6 78. Be6 1-0